000 00569nam a2200229Ia 4500
003 OSt
005 20220924135306.0
006 a|||||r|||| 00| 0
007 ta
008 220923b |||||||| |||| 00| 0 ben d
024 _a290420
037 _cTextual
040 _aARTS
_cARTS
_bben
041 _2ben
_aben
082 _aO111,2M88,3, 157K9
100 _aO'Neill
_9210008
245 0 _aManush o mukhosh
260 _c1969
650 _aENGLISH LITERATURE
942 _hO111,2M88,3, 157K9
_cTEXL
_2CC
999 _c440196
_d440196